000 01228nam a2200205 a 4500
090 _aIAVH
_b00765 CD-1
041 _aspa
100 _aForero Morantes, Diana María
_992507
245 _aPriorización de Areas para la Conservación en el Altiplano cundiboyacense
260 _aBogotá
_bInstituto Alexander von Humboldt
_c2005
300 _a3 p.
520 _aSe presenta un informe de supervision/interventoría al contrato que tenía por objeto la revisión y recopilación de información de literatura sobre especies de aves y plantas (Asteraceae, Melastomataceae y Rubiaceae) del Altiplano cundiboyacense, con sus respectivas localidades; la revisión de información sobre áreas de manejo especial en el área de estudio y apoyar la georeferenciación de la información y la elaboración de informes. Como resultado de se encontraron 15 nuevas reservas de la sociedad civil.
650 _aConservación
_992401
650 _aBiodiversidad
_992204
650 _aAvifauna
_992441
650 _aEspecies botánicas
_992508
650 _aFlora
_992293
662 _aColombia
_cAltiplano cundiboyacense
773 0 _05986
_99704
_a
_b
_dBogotá Informatica documental 2007
_o024802
_tInformes de investigaciones IAVH en PDF
_w
_x
_z
999 _c6022
_d6022